000 01849cam a2200289 4500
001 ##L132979
002 ##9942
008 060329n2006 000 0 eng u
020 _a1846610087
035 _a(Sirsi) u132979
041 0 _aeng
050 0 4 _a346.410438 $2 18
100 1 _aSilverman, Frances
245 0 0 _aStandard conditions of sale
_ba conveyancer's guide
250 _a7th ed.
260 _aBristol
_bJordan Publishing Limited
_c2006
300 _axxiv, 313p
_c25cm.
350 _a39
505 2 _aTables and checklists -- Definitions -- The standard form of contract -- Service and delivery of documents -- Disclosure of incumbrances -- Grants and reservations -- Identity of the property -- Misrepresentation -- Title -- Chattels -- Deposit -- Insurance -- Exchange of contracts -- Requisitions on title -- Possession before completion -- The purchase deed -- Completion -- Late completion -- Remedies -- Tenanted property -- Sales of part -- Leaseholds -- Auctions -- Commonhold -- Special circumstances.
520 _aGuides the reader through the requirements of a legally binding contract in England and Wales. Provides a detailed commentary on the Law Society's fourth edition of the Standard Conditions of Sale, the second edition of the Standard Commercial Property Conditions, and the "Common auction conditions for auction of real estate in England and Wales", ISBN 1842192388, published by RICS. Also includes a section on Commonhold, and comments upon the Home Information Pack due to be implemented in 2007.
520 _aSupersedes 6th edition (ISBN 1860129226)
590 _aIKA090506
650 2 4 _aHOME INFORMATION PACKS
650 2 4 _aRICS COMMON AUCTION CONDITIONS FOR AUCTIONS OF REAL ESTATE IN ENGLAND AND WALES
690 _aPROPERTY-PROPERTY ACQUISITION AND DISPOSAL-CONVEYANCING
942 _n0
999 _c105296
_d105296